| 000 | 00505nam a2200205Ia 4500 | ||
|---|---|---|---|
| 003 | GCL | ||
| 008 | 140319s9999 xx 000 0 eng d | ||
| 040 |
_aGCL / _cGCL |
||
| 082 | 0 | 4 |
_a636.21 _bD G |
| 100 | 1 | _aDEVENDRA,C. | |
| 245 | 1 | 0 |
_aGOAT AND SHEEP PRODUCTION IN THE TROPICS / _cDEVENDRA,C. |
| 700 | 1 | _aMCLEROY, G.B. | |
| 260 |
_a[S.N] : _bELBS ، _c1990 |
||
| 300 | _a271 P | ||
| 650 | 0 | 4 | _aCATTLE, PRODUCTION |
| 650 | 0 | 4 | _aAGRICULTURE |
| 650 | 0 | 4 | _aSHEEP |
| 650 | 0 | 4 | _aGOATS |
| 942 |
_2ddc _cBK |
||
| 999 |
_c20337 _d20337 |
||